00688nam a2200169 a 450000100100000000500170001000800410002704000250006808200130009311000760010624500890018226000720027130000200034350000260036395201120038999900170050100002389220200930022540.0110117s1947 dr 000 0 spa d aDO-SdBNPbspacBNPHU axxxbxxx1 aRepública DominicanabSecretaría de Estado de la Presidencia93226210aLa obra político-económica y financiera del excelentísimo presidente Trujillo. aciudad Trujillo :bSecretaría de Estado de la Presidencia,c1947. a31 p. ;c27 cm. aPublicación oficial 00107-18PDaPDbPDcOId2012-11-07iLF1l0oxxx xxxp23892-10r2020-06-25w2020-06-25yLFPDZNo se presta c23388d23388